| 000 | 01276cam a2200349 i 4500 | ||
|---|---|---|---|
| 999 |
_c2520 _d2520 |
||
| 001 | 20549389 | ||
| 003 | OSt | ||
| 005 | 20230704154856.0 | ||
| 008 | 180620s2018 enka 000 0 eng d | ||
| 010 | _a 2018300416 | ||
| 020 | _a9781108440387 | ||
| 035 | _a(OCoLC)on1000121194 | ||
| 040 |
_aYDX _beng _cYDX _dBTCTA _erda _dHUA _dOCLCO _dDLC _dKH8 |
||
| 042 | _alccopycat | ||
| 082 | 0 | 4 | _a330.76 GRA |
| 100 | 1 |
_aGrant, Susan, _d1953- _eauthor. |
|
| 245 | 1 | 0 |
_aCambridge IGCSE® and O level economics ; coursebook / _cSusan Grant. |
| 246 | 3 | 0 | _aEconomics |
| 250 | _aSecond edition. | ||
| 264 | 1 |
_aCambridge, United Kingdom : _bCambridge University Press, _c2018. |
|
| 300 |
_a113 pages : _billustrations ; _c27 cm |
||
| 336 |
_atext _btxt _2rdacontent |
||
| 337 |
_aunmediated _bn _2rdamedia |
||
| 338 |
_avolume _bnc _2rdacarrier |
||
| 500 | _a"Cambridge Assessment International Education"--Cover. | ||
| 500 | _a"Completely Cambridge, Cambridge resources for Cambridge qualifications"--Cover. | ||
| 650 | 0 |
_aEconomics _xExaminations _vStudy guides. |
|
| 650 | 0 |
_aEconomics _vExaminations, questions, etc. |
|
| 650 | 0 |
_aInternational General Certificate of Secondary Education _vStudy guides. |
|
| 710 | 2 | _aCambridge Assessment International Education. | |
| 942 |
_2ddc _cTR |
||